01017cam a2200277 450000500170000000800410001702000180005804000180007604100080009404400070010208200170010924501620012626000490028830000820033750400620041965000140048165000230049565000230051865000390054165000120058070000350059270000280062770000280065570000290068370000270071220191224042302.0131216s2011 ke ad rb 100 0 eng  a9789793198569 aDLCcDLCdDLC0 aeng ake04a511.52bT78p00aHow trees and people can co-adapt to climate change :breducing vulnerability in multifunctional landscapes /ceditado por Meine van Noordwijk y otros cuatro aNairobi :bWorld Agroforestry Centre,c2011. axi, 133 páginas : bilustraciones a color,gráficas a color ;c25 x 18 cm. aIncluye referencias bibliográficas (páginas 123-131).26aÁrboles26aPoblación humana26aCambio climático26aAdaptación al cambio climático26aPaisaje1 aNoordwijk, Meine van.eeditora1 aHoang, Minh Haeeditora1 aNeufeldt, Henryeeditor1 aÖborn, Ingrideeditora1 aYatich, Thomaseeditor